Poemas /

Guardado en:
Autor Principal: Fernández, Macedonio
Otros Autores: Obieta, Adolfo de; prol.
Formato: Libro
Publicado: Buenos Aires : Corregidor, 2014
Series:Colección Juan Gelman
Materias:
Etiquetas: Agregar Etiqueta
Sin Etiquetas, Sea el primero en etiquetar este registro!
LEADER 00978nam a22002895a 4500
001 CEM.cems014868
008 130507s2014##################000#0#####d
005 20220214180220.0
003 CEMS
245 1 0 |a Poemas /  |c Macedonio Fernández; prólogo de Adolfo de Obieta 
260 |a Buenos Aires :  |b Corregidor,  |c 2014 
300 |a 112 p. 
490 0 |a Colección Juan Gelman 
500 |a Edición especial del Ministerio de Educación de la Nación 
020 |a 9789500530217 
100 1 |a Fernández, Macedonio 
700 1 |a Obieta, Adolfo de; prol. 
082 0 4 |a A861.4 
653 |a Literatura 
653 |a Literatura argentina 
653 |a Poesía 
653 |a Poesía argentina 
653 |a Biblioteca Juan Gelman 
653 |a Colección Juan Gelman 
859 |a CEMS  |b BIB. CEMS - 11 de abril  |h A861.4  |i F391  |p 27444.18  |t Ej.1 
859 |a CEMS  |b BIB. CEMS - Agricultura  |h A861.4  |i F391  |p A2272.15  |t Ej.1 
859 |a CEMS  |b BIB. CEMS - 11 de abril  |h A861.4  |i F391  |p 27733.19  |t Ej.2